000 00707nam a2200289Ia 4500
005 20260324142635.0
008 008 260324s9999 xx 000 0 eng d
020 _a9781003075554
037 _aEBOOK
040 _aCRL
040 _beng
040 _cCRL
041 _2eng
041 _aeng
084 _qCRL
100 _aMary Ann Curran; Battelle Memorial Institute
_91212704
245 0 _aLife-Cycle Assessment
245 0 _bInventory Guidelines and Principles
260 _bTaylor and Francis
260 _c1994
365 _a
365 _b340
856 _uhttp://www.taylorfrancis.com/books/9781003075554
942 _cEBOOK
999 _c1817109
_d1817109